|
|
|
|
| LEADER |
00000nas a22000007a 4500 |
| 005 |
20110829100335.0 |
| 007 |
cr|||| |||| |
| 008 |
110829t1996 sp dr| s|l||a00| b1spa d |
| 035 |
|
|
|a 226
|
| 040 |
|
|
|a vLex
|
| 090 |
|
|
|c 2281
|d 2281
|
| 110 |
1 |
|
|a Navarra.
|b Gobierno
|
| 245 |
1 |
0 |
|a Boletn̕ Oficial de Navarra
|h [Recurso electrn̤ico]
|
| 246 |
3 |
|
|a BON
|
| 256 |
|
|
|a Servicio en ln̕ea.
|
| 260 |
|
|
|a [Pamplona] :
|b Gobierno de Navarra.
|
| 310 |
|
|
|a Diaria
|
| 362 |
|
|
|a Nm︢. 1 (1996) -
|
| 500 |
|
|
|a El primer Boletn̕ Oficial se remonta al 1 de marzo de 1838, como Boletn̕ Oficial de Pamplona; a partir de 1847 pas ̤a denominarse Boletn̕ Oficial de la Provincia de Navarra hasta el aǫ 1975 en el que se convirti ̤en BOLETÍN OFICIAL de Navarra.
|
| 650 |
0 |
4 |
|a Derecho
|x Legislacin̤
|x Publicaciones perid̤icas
|z Navarra
|
| 740 |
0 |
|
|a vLex Revistas (Servicio en ln̕ea)
|
| 856 |
4 |
0 |
|z Acceso restringido
|u http://vlex.com/source/226
|
| 942 |
|
|
|c REV
|